[Event "DVM U20 2022"]
[Site "Münster GER"]
[Date "2022.12.28"]
[Round "3"]
[White "Nguyen, Alex Dac-Vuong"]
[Black "Runte, Moritz"]
[Result "1-0"]
[Termination "normal"]
[Board "4.1"]
[WhiteTitle "FM"]
[WhiteElo "2310"]
[BlackElo "2187"]
[WhiteClock "00:19:39"]
[BlackClock "00:01:17"]
[WhiteTeam "Schachgemeinschaft Leipzig"]
[BlackTeam "Schachverein Hemer 1932"]
[PlyCount "123"]
[WhiteFideId "12984388"]
[BlackFideId "12991449"]
[EventCountry "GER"]
[EventRounds "7"]
[EventType "team-swiss"]
[EventDate "2022.12.26"]

1. c4 {[%clk 01:30:57]} {[%emt 00:00:02]} c6 {[%clk 01:30:21]} {[%emt
00:00:39]} 2. e4 {[%clk 01:31:23]} {[%emt 00:00:05]} d5 {[%clk 01:30:43]}
{[%emt 00:00:07]} 3. exd5 {[%clk 01:31:50]} {[%emt 00:00:04]} cxd5 {[%clk
01:31:03]} {[%emt 00:00:09]} 4. d4 {[%clk 01:32:16]} {[%emt 00:00:05]} Nf6
{[%clk 01:30:30]} {[%emt 00:01:03]} 5. Nc3 {[%clk 01:32:41]} {[%emt 00:00:05]}
g6 {[%clk 01:28:31]} {[%emt 00:02:29]} 6. Qb3 {[%clk 01:33:03]} {[%emt
00:00:07]} Bg7 {[%clk 01:28:00]} {[%emt 00:01:00]} 7. cxd5 {[%clk 01:33:29]}
{[%emt 00:00:05]} O-O {[%clk 01:26:26]} {[%emt 00:02:04]} 8. Be2 {[%clk
01:33:54]} {[%emt 00:00:05]} Nbd7 {[%clk 01:20:05]} {[%emt 00:06:51]} 9. Bf3
{[%clk 01:34:18]} {[%emt 00:00:06]} Nb6 {[%clk 01:17:35]} {[%emt 00:02:58]} 10.
Nge2 {[%clk 01:31:45]} {[%emt 00:03:04]} Bg4 {[%clk 01:13:07]} {[%emt
00:04:58]} 11. Bxg4 {[%clk 01:30:19]} {[%emt 00:01:58]} Nxg4 {[%clk 01:13:27]}
{[%emt 00:00:09]} 12. a4 {[%clk 01:29:54]} {[%emt 00:00:55]} a5 {[%clk
01:07:56]} {[%emt 00:06:00]} 13. O-O {[%clk 01:22:55]} {[%emt 00:07:30]} Qd6
{[%clk 01:03:40]} {[%emt 00:04:45]} 14. Bf4 {[%clk 01:23:00]} {[%emt 00:00:25]}
Qb4 {[%clk 01:03:49]} {[%emt 00:00:20]} 15. Qa2 {[%clk 01:13:43]} {[%emt
00:09:48]} Rac8 {[%clk 01:01:09]} {[%emt 00:03:10]} 16. Rfe1 {[%clk 00:57:24]}
{[%emt 00:16:50]} Rfd8 {[%clk 00:54:22]} {[%emt 00:07:17]} 17. Bg3 {[%clk
00:42:36]} {[%emt 00:15:18]} Nf6 {[%clk 00:50:28]} {[%emt 00:04:23]} 18. Nf4
{[%clk 00:42:44]} {[%emt 00:00:23]} g5 {[%clk 00:43:00]} {[%emt 00:07:58]} 19.
Nd3 {[%clk 00:32:22]} {[%emt 00:10:51]} Qxd4 {[%clk 00:40:38]} {[%emt
00:02:50]} 20. Rad1 {[%clk 00:30:29]} {[%emt 00:02:24]} Nfxd5 {[%clk 00:35:33]}
{[%emt 00:05:36]} 21. Ne5 {[%clk 00:28:05]} {[%emt 00:02:55]} Qb4 {[%clk
00:34:13]} {[%emt 00:01:49]} 22. h4 {[%clk 00:23:16]} {[%emt 00:05:20]} e6
{[%clk 00:26:51]} {[%emt 00:07:52]} 23. Nxd5 {[%clk 00:17:06]} {[%emt
00:06:40]} Rxd5 {[%clk 00:26:24]} {[%emt 00:00:56]} 24. hxg5 {[%clk 00:16:45]}
{[%emt 00:00:52]} Rc2 {[%clk 00:25:01]} {[%emt 00:01:52]} 25. Qb1 {[%clk
00:14:58]} {[%emt 00:02:17]} Rcd2 {[%clk 00:12:30]} {[%emt 00:13:02]} 26. Rxd2
{[%clk 00:14:00]} {[%emt 00:01:28]} Qxd2 {[%clk 00:12:51]} {[%emt 00:00:09]}
27. b3 {[%clk 00:12:58]} {[%emt 00:01:32]} Qxg5 {[%clk 00:12:19]} {[%emt
00:01:02]} 28. Qe4 {[%clk 00:11:17]} {[%emt 00:02:11]} Nd7 {[%clk 00:10:33]}
{[%emt 00:02:15]} 29. Nxf7 {[%clk 00:10:10]} {[%emt 00:01:38]} Qf5 {[%clk
00:03:55]} {[%emt 00:07:08]} 30. Qxf5 {[%clk 00:07:42]} {[%emt 00:02:58]} exf5
{[%clk 00:04:14]} {[%emt 00:00:11]} 31. Nd6 {[%clk 00:07:57]} {[%emt 00:00:14]}
Nf6 {[%clk 00:02:56]} {[%emt 00:01:49]} 32. f3 {[%clk 00:04:16]} {[%emt
00:04:11]} Rd3 {[%clk 00:01:41]} {[%emt 00:01:45]} 33. Nxf5 {[%clk 00:02:28]}
{[%emt 00:02:19]} Rxb3 {[%clk 00:01:39]} {[%emt 00:00:31]} 34. Re6 {[%clk
00:02:35]} {[%emt 00:00:23]} Nh5 {[%clk 00:00:42]} {[%emt 00:01:28]} 35. Be5
{[%clk 00:01:45]} {[%emt 00:01:20]} Bxe5 {[%clk 00:00:45]} {[%emt 00:00:26]}
36. Rxe5 {[%clk 00:02:13]} {[%emt 00:00:01]} Nf4 {[%clk 00:01:02]} {[%emt
00:00:13]} 37. Rxa5 {[%clk 00:02:21]} {[%emt 00:00:22]} Rb2 {[%clk 00:01:08]}
{[%emt 00:00:24]} 38. Ne7 {[%clk 00:01:30]} {[%emt 00:01:21]} Kf7 {[%clk
00:00:57]} {[%emt 00:00:42]} 39. Rf5 {[%clk 00:01:56]} {[%emt 00:00:04]} Kxe7
{[%clk 00:01:23]} {[%emt 00:00:04]} 40. Rxf4 {[%clk 00:02:22]} {[%emt
00:00:04]} b5 {[%clk 00:01:21]} {[%emt 00:00:31]} 41. axb5 {[%clk 00:02:07]}
{[%emt 00:00:46]} Rxb5 {[%clk 00:28:50]} {[%emt 00:03:01]} 42. Rh4 {[%clk
00:32:34]} {[%emt 00:00:04]} h5 {[%clk 00:29:06]} {[%emt 00:00:14]} 43. Rf4
{[%clk 00:33:01]} {[%emt 00:00:02]} Ke6 {[%clk 00:19:30]} {[%emt 00:10:06]} 44.
Kh2 {[%clk 00:32:10]} {[%emt 00:01:21]} Rb1 {[%clk 00:08:46]} {[%emt 00:11:14]}
45. Kh3 {[%clk 00:32:15]} {[%emt 00:00:25]} Rh1 {[%clk 00:08:09]} {[%emt
00:01:07]} 46. Kg3 {[%clk 00:32:38]} {[%emt 00:00:07]} Ra1 {[%clk 00:07:49]}
{[%emt 00:00:49]} 47. Rf8 {[%clk 00:31:42]} {[%emt 00:01:26]} Rg1 {[%clk
00:05:39]} {[%emt 00:02:41]} 48. Rh8 {[%clk 00:29:40]} {[%emt 00:02:33]} Rh1
{[%clk 00:05:36]} {[%emt 00:00:33]} 49. Kf4 {[%clk 00:29:15]} {[%emt 00:00:55]}
Kf6 {[%clk 00:04:41]} {[%emt 00:01:24]} 50. g4 {[%clk 00:25:39]} {[%emt
00:04:06]} h4 {[%clk 00:04:52]} {[%emt 00:00:19]} 51. Rh6 {[%clk 00:21:39]}
{[%emt 00:04:30]} Kg7 {[%clk 00:04:58]} {[%emt 00:00:23]} 52. Rh5 {[%clk
00:21:40]} {[%emt 00:00:30]} Kg6 {[%clk 00:04:49]} {[%emt 00:00:39]} 53. Ra5
{[%clk 00:21:05]} {[%emt 00:01:05]} Rg1 {[%clk 00:03:02]} {[%emt 00:02:18]} 54.
Ra6 {[%clk 00:20:50]} {[%emt 00:00:45]} Kg7 {[%clk 00:03:06]} {[%emt 00:00:25]}
55. Ra2 {[%clk 00:21:13]} {[%emt 00:00:07]} Rh1 {[%clk 00:02:51]} {[%emt
00:00:45]} 56. Kg5 {[%clk 00:19:34]} {[%emt 00:02:09]} Kf7 {[%clk 00:01:20]}
{[%emt 00:02:01]} 57. Ra7 {[%clk 00:19:30]} {[%emt 00:00:32]} Ke6 {[%clk
00:01:30]} {[%emt 00:00:21]} 58. Rh7 {[%clk 00:19:23]} {[%emt 00:00:38]} h3
{[%clk 00:01:43]} {[%emt 00:00:17]} 59. Kf4 {[%clk 00:19:30]} {[%emt 00:00:24]}
Kf6 {[%clk 00:00:56]} {[%emt 00:01:15]} 60. Rh6 {[%clk 00:19:01]} {[%emt
00:01:00]} Kg7 {[%clk 00:01:17]} {[%emt 00:00:09]} 61. Rh5 {[%clk 00:19:25]}
{[%emt 00:00:06]} Kg6 {[%clk 00:01:17]} {[%emt 00:00:30]} 62. Kg3 {[%clk
00:19:39]} {[%emt 00:00:16]} 1-0

[Event "DVM U20 2022"]
[Site "Münster GER"]
[Date "2022.12.28"]
[Round "3"]
[White "Leonard, Timo"]
[Black "Haufe, Laurin"]
[Result "1-0"]
[Termination "normal"]
[Board "4.2"]
[WhiteElo "2174"]
[BlackElo "2139"]
[WhiteClock "01:19:34"]
[BlackClock "01:06:06"]
[WhiteTeam "Schachverein Hemer 1932"]
[BlackTeam "Schachgemeinschaft Leipzig"]
[PlyCount "78"]
[WhiteFideId "16208757"]
[BlackFideId "12976504"]
[EventCountry "GER"]
[EventRounds "7"]
[EventType "team-swiss"]
[EventDate "2022.12.26"]

1. d4 {[%clk 01:19:34]} Nf6 {[%clk 01:06:06]} 2. c4 {[%clk 01:19:34]} c5 {[%clk
01:06:06]} 3. d5 {[%clk 01:19:34]} b5 {[%clk 01:06:06]} 4. cxb5 {[%clk
01:19:34]} a6 {[%clk 01:06:06]} 5. bxa6 {[%clk 01:19:34]} g6 {[%clk 01:06:06]}
6. Nc3 {[%clk 01:19:34]} Bg7 {[%clk 01:06:06]} 7. e4 {[%clk 01:19:34]} O-O
{[%clk 01:06:06]} 8. Bc4 {[%clk 01:19:34]} d6 {[%clk 01:06:06]} 9. Nf3 {[%clk
01:19:34]} Bxa6 {[%clk 01:06:06]} 10. Nd2 {[%clk 01:19:34]} Qa5 {[%clk
01:06:06]} 11. O-O {[%clk 01:19:34]} Nbd7 {[%clk 01:06:06]} 12. a4 {[%clk
01:19:34]} Rfb8 {[%clk 01:06:06]} 13. Ra3 {[%clk 01:19:34]} Rb4 {[%clk
01:06:06]} 14. b3 {[%clk 01:19:34]} Ne5 {[%clk 01:06:06]} 15. Bxa6 {[%clk
01:19:34]} Qxa6 {[%clk 01:06:06]} 16. Nb5 {[%clk 01:19:34]} Nxe4 {[%clk
01:06:06]} 17. Nxe4 {[%clk 01:19:34]} Rxe4 {[%clk 01:06:06]} 18. Nc7 {[%clk
01:19:34]} Qa5 {[%clk 01:06:06]} 19. Nxa8 {[%clk 01:19:34]} Rd4 {[%clk
01:06:06]} 20. Qc2 {[%clk 01:19:34]} Qxa8 {[%clk 01:06:06]} 21. Rd1 {[%clk
01:19:34]} Rxd5 {[%clk 01:06:06]} 22. Rxd5 {[%clk 01:19:34]} Qxd5 {[%clk
01:06:06]} 23. Bb2 {[%clk 01:19:34]} Qb7 {[%clk 01:06:06]} 24. Bxe5 {[%clk
01:19:34]} Bxe5 {[%clk 01:06:06]} 25. Qc4 {[%clk 01:19:34]} d5 {[%clk
01:06:06]} 26. Qb5 {[%clk 01:19:34]} Qc7 {[%clk 01:06:06]} 27. g3 {[%clk
01:19:34]} c4 {[%clk 01:06:06]} 28. bxc4 {[%clk 01:19:34]} dxc4 {[%clk
01:06:06]} 29. Ra2 {[%clk 01:19:34]} c3 {[%clk 01:06:06]} 30. Qd3 {[%clk
01:19:34]} Qa5 {[%clk 01:06:06]} 31. Qe4 {[%clk 01:19:34]} Bd6 {[%clk
01:06:06]} 32. Qc4 {[%clk 01:19:34]} e5 {[%clk 01:06:06]} 33. Qb5 {[%clk
01:19:34]} Qc7 {[%clk 01:06:06]} 34. Rc2 {[%clk 01:19:34]} Bc5 {[%clk
01:06:06]} 35. a5 {[%clk 01:19:34]} Bd4 {[%clk 01:06:06]} 36. a6 {[%clk
01:19:34]} Kg7 {[%clk 01:06:06]} 37. Qb3 {[%clk 01:19:34]} Qc6 {[%clk
01:06:06]} 38. Ra2 {[%clk 01:19:34]} Ba7 {[%clk 01:06:06]} 39. Qc2 {[%clk
01:19:34]} Bb6 {[%clk 01:06:06]} 1-0

[Event "DVM U20 2022"]
[Site "Münster GER"]
[Date "2022.12.28"]
[Round "3"]
[White "Neuhoff, Laertes"]
[Black "Trinh, Fabian Dat"]
[Result "1-0"]
[Termination "normal"]
[Board "4.3"]
[WhiteElo "2033"]
[BlackElo "1852"]
[WhiteClock "00:20:57"]
[BlackClock "00:19:25"]
[WhiteTeam "Schachgemeinschaft Leipzig"]
[BlackTeam "Schachverein Hemer 1932"]
[PlyCount "99"]
[WhiteFideId "16279719"]
[BlackFideId "16243641"]
[EventCountry "GER"]
[EventRounds "7"]
[EventType "team-swiss"]
[EventDate "2022.12.26"]

1. d4 {[%clk 01:30:57]} {[%emt 00:00:03]} d5 {[%clk 01:30:52]} {[%emt
00:00:07]} 2. Nf3 {[%clk 01:31:20]} {[%emt 00:00:08]} Nf6 {[%clk 01:31:03]}
{[%emt 00:00:19]} 3. c4 {[%clk 01:31:23]} {[%emt 00:00:26]} e6 {[%clk
01:31:17]} {[%emt 00:00:17]} 4. g3 {[%clk 01:31:33]} {[%emt 00:00:20]} Be7
{[%clk 01:31:33]} {[%emt 00:00:14]} 5. Bg2 {[%clk 01:30:31]} {[%emt 00:01:33]}
O-O {[%clk 01:31:38]} {[%emt 00:00:24]} 6. O-O {[%clk 01:30:03]} {[%emt
00:00:57]} dxc4 {[%clk 01:31:42]} {[%emt 00:00:27]} 7. Qc2 {[%clk 01:22:22]}
{[%emt 00:08:10]} a6 {[%clk 01:32:00]} {[%emt 00:00:13]} 8. Qxc4 {[%clk
01:18:10]} {[%emt 00:04:42]} b5 {[%clk 01:31:59]} {[%emt 00:00:30]} 9. Qc2
{[%clk 01:12:58]} {[%emt 00:05:42]} Bb7 {[%clk 01:31:44]} {[%emt 00:00:44]} 10.
Nc3 {[%clk 01:05:33]} {[%emt 00:07:54]} b4 {[%clk 01:15:48]} {[%emt 00:16:28]}
11. Na4 {[%clk 00:57:07]} {[%emt 00:08:56]} Be4 {[%clk 01:15:58]} {[%emt
00:00:20]} 12. Qd1 {[%clk 00:49:01]} {[%emt 00:08:35]} Nbd7 {[%clk 01:14:00]}
{[%emt 00:02:28]} 13. Bd2 {[%clk 00:45:19]} {[%emt 00:04:13]} Rc8 {[%clk
01:10:59]} {[%emt 00:03:31]} 14. Rc1 {[%clk 00:41:12]} {[%emt 00:04:37]} a5
{[%clk 01:08:46]} {[%emt 00:02:43]} 15. Bg5 {[%clk 00:32:43]} {[%emt 00:08:59]}
h6 {[%clk 00:59:48]} {[%emt 00:09:28]} 16. Bxf6 {[%clk 00:32:48]} {[%emt
00:00:25]} Bxf6 {[%clk 01:00:03]} {[%emt 00:00:15]} 17. e3 {[%clk 00:31:58]}
{[%emt 00:01:19]} Be7 {[%clk 00:57:30]} {[%emt 00:03:03]} 18. Ne5 {[%clk
00:22:39]} {[%emt 00:09:50]} Bxg2 {[%clk 00:53:18]} {[%emt 00:04:42]} 19. Kxg2
{[%clk 00:21:55]} {[%emt 00:01:14]} Nxe5 {[%clk 00:53:30]} {[%emt 00:00:18]}
20. dxe5 {[%clk 00:22:23]} {[%emt 00:00:03]} c5 {[%clk 00:51:34]} {[%emt
00:02:25]} 21. Qxd8 {[%clk 00:21:08]} {[%emt 00:01:44]} Rfxd8 {[%clk 00:51:40]}
{[%emt 00:00:24]} 22. Nb6 {[%clk 00:21:21]} {[%emt 00:00:19]} Rc6 {[%clk
00:34:32]} {[%emt 00:17:37]} 23. Nc4 {[%clk 00:20:41]} {[%emt 00:01:07]} a4
{[%clk 00:34:34]} {[%emt 00:00:31]} 24. Rfd1 {[%clk 00:18:51]} {[%emt
00:02:20]} Rd5 {[%clk 00:25:09]} {[%emt 00:09:55]} 25. Kf1 {[%clk 00:16:01]}
{[%emt 00:03:20]} Kf8 {[%clk 00:25:13]} {[%emt 00:00:27]} 26. Ke2 {[%clk
00:15:56]} {[%emt 00:00:35]} f6 {[%clk 00:18:13]} {[%emt 00:07:30]} 27. f4
{[%clk 00:12:42]} {[%emt 00:03:45]} Rc7 {[%clk 00:16:38]} {[%emt 00:02:05]} 28.
Rxd5 {[%clk 00:06:57]} {[%emt 00:06:14]} exd5 {[%clk 00:16:56]} {[%emt
00:00:12]} 29. Nb6 {[%clk 00:07:20]} {[%emt 00:00:06]} fxe5 {[%clk 00:14:16]}
{[%emt 00:03:11]} 30. fxe5 {[%clk 00:05:43]} {[%emt 00:02:06]} c4 {[%clk
00:07:54]} {[%emt 00:06:52]} 31. Nxd5 {[%clk 00:04:40]} {[%emt 00:01:34]} Rc6
{[%clk 00:05:59]} {[%emt 00:02:26]} 32. e4 {[%clk 00:04:10]} {[%emt 00:01:00]}
Kf7 {[%clk 00:02:43]} {[%emt 00:03:45]} 33. Nxe7 {[%clk 00:02:37]} {[%emt
00:02:03]} Kxe7 {[%clk 00:03:08]} {[%emt 00:00:05]} 34. Ke3 {[%clk 00:02:56]}
{[%emt 00:00:11]} a3 {[%clk 00:02:04]} {[%emt 00:01:34]} 35. bxa3 {[%clk
00:02:12]} {[%emt 00:01:14]} bxa3 {[%clk 00:01:31]} {[%emt 00:01:03]} 36. Kd4
{[%clk 00:01:56]} {[%emt 00:00:46]} Rb6 {[%clk 00:00:55]} {[%emt 00:01:06]} 37.
Rc3 {[%clk 00:02:09]} {[%emt 00:00:17]} Rb2 {[%clk 00:01:02]} {[%emt 00:00:24]}
38. Rxa3 {[%clk 00:02:27]} {[%emt 00:00:12]} Rxh2 {[%clk 00:01:23]} {[%emt
00:00:09]} 39. Kxc4 {[%clk 00:01:43]} {[%emt 00:01:14]} Ke6 {[%clk 00:01:41]}
{[%emt 00:00:11]} 40. Kd4 {[%clk 00:02:05]} {[%emt 00:00:08]} Rd2 {[%clk
00:01:56]} {[%emt 00:00:15]} 41. Ke3 {[%clk 00:02:14]} {[%emt 00:00:22]} Rg2
{[%clk 00:02:13]} {[%emt 00:00:13]} 42. Kf3 {[%clk 00:00:37]} {[%emt 00:02:07]}
Rc2 {[%clk 00:01:46]} {[%emt 00:00:56]} 43. Ra8 {[%clk 00:22:05]} {[%emt
00:09:03]} Kxe5 {[%clk 00:29:36]} {[%emt 00:02:41]} 44. a4 {[%clk 00:22:25]}
{[%emt 00:00:09]} Rc3 {[%clk 00:29:38]} {[%emt 00:00:28]} 45. Kg4 {[%clk
00:22:03]} {[%emt 00:00:53]} Kxe4 {[%clk 00:29:57]} {[%emt 00:00:11]} 46. a5
{[%clk 00:22:15]} {[%emt 00:00:18]} h5 {[%clk 00:22:17]} {[%emt 00:08:09]} 47.
Kxh5 {[%clk 00:20:02]} {[%emt 00:02:43]} Rxg3 {[%clk 00:19:31]} {[%emt
00:03:17]} 48. a6 {[%clk 00:20:24]} {[%emt 00:00:07]} Kf5 {[%clk 00:19:01]}
{[%emt 00:01:01]} 49. Rf8 {[%clk 00:20:39]} {[%emt 00:00:14]} Ke6 {[%clk
00:19:25]} {[%emt 00:00:07]} 50. a7 {[%clk 00:20:57]} {[%emt 00:00:11]} 1-0

[Event "DVM U20 2022"]
[Site "Münster GER"]
[Date "2022.12.28"]
[Round "3"]
[White "Naumenko, Valerija"]
[Black "Faßhauer, Jacob"]
[Result "0-1"]
[Termination "normal"]
[Board "4.4"]
[WhiteElo "1788"]
[BlackElo "2127"]
[WhiteClock "00:08:56"]
[BlackClock "00:11:04"]
[WhiteTeam "Schachverein Hemer 1932"]
[BlackTeam "Schachgemeinschaft Leipzig"]
[PlyCount "44"]
[WhiteFideId "16222890"]
[BlackFideId "12990167"]
[EventCountry "GER"]
[EventRounds "7"]
[EventType "team-swiss"]
[EventDate "2022.12.26"]

1. e4 {[%clk 01:30:58]} {[%emt 00:00:01]} c5 {[%clk 01:30:51]} {[%emt
00:00:10]} 2. Nf3 {[%clk 01:31:24]} {[%emt 00:00:04]} e6 {[%clk 01:31:15]}
{[%emt 00:00:05]} 3. c4 {[%clk 01:31:50]} {[%emt 00:00:04]} Nc6 {[%clk
01:30:46]} {[%emt 00:00:59]} 4. d4 {[%clk 01:32:16]} {[%emt 00:00:04]} cxd4
{[%clk 01:30:20]} {[%emt 00:00:57]} 5. Nxd4 {[%clk 01:32:39]} {[%emt 00:00:06]}
Nf6 {[%clk 01:30:24]} {[%emt 00:00:26]} 6. Nc3 {[%clk 01:32:55]} {[%emt
00:00:15]} Bb4 {[%clk 01:30:26]} {[%emt 00:00:28]} 7. Nxc6 {[%clk 01:32:59]}
{[%emt 00:00:25]} bxc6 {[%clk 01:30:49]} {[%emt 00:00:07]} 8. Bd3 {[%clk
01:33:25]} {[%emt 00:00:04]} e5 {[%clk 01:28:43]} {[%emt 00:02:36]} 9. O-O
{[%clk 01:33:02]} {[%emt 00:00:53]} O-O {[%clk 01:26:20]} {[%emt 00:02:53]} 10.
Be3 {[%clk 01:31:39]} {[%emt 00:01:52]} Bxc3 {[%clk 01:12:17]} {[%emt
00:14:34]} 11. bxc3 {[%clk 01:32:03]} {[%emt 00:00:06]} d6 {[%clk 01:12:40]}
{[%emt 00:00:08]} 12. h3 {[%clk 01:26:18]} {[%emt 00:06:14]} Be6 {[%clk
01:02:15]} {[%emt 00:10:55]} 13. f4 {[%clk 01:20:30]} {[%emt 00:06:18]} exf4
{[%clk 00:52:50]} {[%emt 00:09:55]} 14. Rxf4 {[%clk 01:14:58]} {[%emt
00:06:02]} Nd7 {[%clk 00:33:22]} {[%emt 00:19:58]} 15. Qh5 {[%clk 00:57:41]}
{[%emt 00:17:47]} Re8 {[%clk 00:27:46]} {[%emt 00:06:07]} 16. Raf1 {[%clk
00:53:20]} {[%emt 00:04:50]} Nf8 {[%clk 00:25:55]} {[%emt 00:02:21]} 17. e5
{[%clk 00:41:47]} {[%emt 00:12:03]} g6 {[%clk 00:18:23]} {[%emt 00:08:02]} 18.
Qh6 {[%clk 00:39:59]} {[%emt 00:02:17]} dxe5 {[%clk 00:18:10]} {[%emt
00:00:44]} 19. Rh4 {[%clk 00:40:12]} {[%emt 00:00:17]} f5 {[%clk 00:16:01]}
{[%emt 00:02:39]} 20. Bg5 {[%clk 00:08:10]} {[%emt 00:32:32]} Qxd3 {[%clk
00:10:13]} {[%emt 00:06:18]} 21. Rd4 {[%clk 00:08:33]} {[%emt 00:00:07]} exd4
{[%clk 00:10:35]} {[%emt 00:00:07]} 22. Bf6 {[%clk 00:08:56]} {[%emt 00:00:07]}
Qe3 {[%clk 00:11:04]} {[%emt 00:00:01]} 0-1

[Event "DVM U20 2022"]
[Site "Münster GER"]
[Date "2022.12.28"]
[Round "3"]
[White "Enxing, Philemon"]
[Black "Poggemann, Alexander"]
[Result "1-0"]
[Termination "normal"]
[Board "4.5"]
[WhiteElo "1828"]
[BlackElo "1717"]
[WhiteClock "00:01:17"]
[BlackClock "00:00:32"]
[WhiteTeam "Schachgemeinschaft Leipzig"]
[BlackTeam "Schachverein Hemer 1932"]
[PlyCount "73"]
[WhiteFideId "16217632"]
[BlackFideId "16224167"]
[EventCountry "GER"]
[EventRounds "7"]
[EventType "team-swiss"]
[EventDate "2022.12.26"]

1. e4 {[%clk 01:30:50]} {[%emt 00:00:10]} c5 {[%clk 01:30:41]} {[%emt
00:00:19]} 2. c3 {[%clk 01:28:08]} {[%emt 00:03:13]} Nf6 {[%clk 01:30:48]}
{[%emt 00:00:22]} 3. e5 {[%clk 01:28:28]} {[%emt 00:00:11]} Nd5 {[%clk
01:31:06]} {[%emt 00:00:11]} 4. d4 {[%clk 01:28:48]} {[%emt 00:00:11]} cxd4
{[%clk 01:31:13]} {[%emt 00:00:22]} 5. cxd4 {[%clk 01:29:13]} {[%emt 00:00:06]}
d6 {[%clk 01:31:18]} {[%emt 00:00:24]} 6. Nf3 {[%clk 01:28:31]} {[%emt
00:01:13]} Nc6 {[%clk 01:31:32]} {[%emt 00:00:15]} 7. Bc4 {[%clk 01:28:01]}
{[%emt 00:01:01]} dxe5 {[%clk 01:31:51]} {[%emt 00:00:11]} 8. Nxe5 {[%clk
01:27:32]} {[%emt 00:00:59]} Bf5 {[%clk 01:31:06]} {[%emt 00:01:15]} 9. Nxc6
{[%clk 01:20:39]} {[%emt 00:07:23]} bxc6 {[%clk 01:30:35]} {[%emt 00:01:01]}
10. O-O {[%clk 01:20:37]} {[%emt 00:00:32]} g6 {[%clk 01:16:24]} {[%emt
00:14:41]} 11. Nc3 {[%clk 00:50:42]} {[%emt 00:30:25]} Bg7 {[%clk 01:07:37]}
{[%emt 00:09:16]} 12. Qf3 {[%clk 00:37:28]} {[%emt 00:13:45]} Nxc3 {[%clk
00:37:01]} {[%emt 00:31:06]} 13. bxc3 {[%clk 00:37:34]} {[%emt 00:00:24]} O-O
{[%clk 00:35:43]} {[%emt 00:01:49]} 14. Ba3 {[%clk 00:36:20]} {[%emt 00:01:44]}
Re8 {[%clk 00:24:17]} {[%emt 00:11:55]} 15. g4 {[%clk 00:33:19]} {[%emt
00:03:31]} Be6 {[%clk 00:17:29]} {[%emt 00:07:18]} 16. Bxe6 {[%clk 00:31:44]}
{[%emt 00:02:06]} fxe6 {[%clk 00:17:43]} {[%emt 00:00:15]} 17. Qxc6 {[%clk
00:25:40]} {[%emt 00:06:34]} Qd5 {[%clk 00:15:05]} {[%emt 00:03:07]} 18. Qxd5
{[%clk 00:22:11]} {[%emt 00:04:00]} exd5 {[%clk 00:14:03]} {[%emt 00:01:33]}
19. f4 {[%clk 00:21:15]} {[%emt 00:01:26]} Rec8 {[%clk 00:05:40]} {[%emt
00:08:52]} 20. Rac1 {[%clk 00:20:03]} {[%emt 00:01:43]} Rxc3 {[%clk 00:05:33]}
{[%emt 00:00:36]} 21. Rxc3 {[%clk 00:19:13]} {[%emt 00:01:20]} Bxd4 {[%clk
00:05:56]} {[%emt 00:00:07]} 22. Kg2 {[%clk 00:19:20]} {[%emt 00:00:24]} Bxc3
{[%clk 00:06:19]} {[%emt 00:00:06]} 23. Bxe7 {[%clk 00:19:35]} {[%emt
00:00:16]} d4 {[%clk 00:02:58]} {[%emt 00:03:52]} 24. Bf6 {[%clk 00:16:43]}
{[%emt 00:03:22]} Rb8 {[%clk 00:02:27]} {[%emt 00:01:00]} 25. Kf3 {[%clk
00:14:00]} {[%emt 00:03:14]} Rb2 {[%clk 00:01:12]} {[%emt 00:01:46]} 26. Rf2
{[%clk 00:14:13]} {[%emt 00:00:17]} Rb1 {[%clk 00:01:31]} {[%emt 00:00:11]} 27.
Ke4 {[%clk 00:08:51]} {[%emt 00:05:52]} Re1 {[%clk 00:01:53]} {[%emt 00:00:07]}
28. Kd5 {[%clk 00:08:17]} {[%emt 00:01:04]} Re3 {[%clk 00:00:33]} {[%emt
00:01:50]} 29. Be5 {[%clk 00:05:18]} {[%emt 00:03:29]} Be1 {[%clk 00:00:32]}
{[%emt 00:00:31]} 30. Rb2 {[%clk 00:04:23]} {[%emt 00:01:25]} d3 {[%clk
00:00:45]} {[%emt 00:00:18]} 31. Ke6 {[%clk 00:03:15]} {[%emt 00:01:38]} Rxe5
{[%clk 00:00:32]} {[%emt 00:00:43]} 32. fxe5 {[%clk 00:03:33]} {[%emt
00:00:12]} Bc3 {[%clk 00:00:32]} {[%emt 00:00:30]} 33. Rb8 {[%clk 00:02:50]}
{[%emt 00:01:13]} Kg7 {[%clk 00:01:01]} {[%emt 00:00:02]} 34. Rd8 {[%clk
00:02:45]} {[%emt 00:00:34]} d2 {[%clk 00:01:22]} {[%emt 00:00:08]} 35. Rd3
{[%clk 00:03:07]} {[%emt 00:00:08]} h5 {[%clk 00:00:42]} {[%emt 00:01:10]} 36.
h3 {[%clk 00:02:39]} {[%emt 00:00:58]} a5 {[%clk 00:00:32]} {[%emt 00:00:40]}
37. a4 {[%clk 00:01:17]} {[%emt 00:01:52]} 1-0